| 000 | 00439nam a2200181Ia 4500 | ||
|---|---|---|---|
| 001 | 13944 | ||
| 005 | 20260306164838.0 | ||
| 008 | 260306t2001||||xx |||||||||||||| ||spa|| | ||
| 041 | _aESP | ||
| 082 |
_a005.74 _bB97 |
||
| 100 |
_aBuyens, Jim _eAUT |
||
| 245 | 0 | _aAprenda desarrollo de bases de datos web Ya | |
| 260 | _c2001 | ||
| 300 |
_axxii, 549 páginas : _c23 cm. |
||
| 650 | _aGEN | ||
| 654 | _aCCC | ||
| 942 |
_cLIB _dJUS _fJUS _2ddc _n |
||
| 999 |
_c13944 _d13944 |
||